Habilidades intelectuales: (Record no. 218378)
[ view plain ]
| 000 -CABECERA | |
|---|---|
| campo de control de longitud fija | 00946 a2200265 4500 |
| 003 - IDENTIFICADOR DEL NÚMERO DE CONTROL | |
| campo de control | OSt |
| 005 - FECHA Y HORA DE LA ÚLTIMA TRANSACCIÓN | |
| campo de control | 20230828142924.0 |
| 008 - DATOS DE LONGITUD FIJA--INFORMACIÓN GENERAL | |
| campo de control de longitud fija | 230218s2013 mx ad||f |||| 001 0 spa d |
| 020 ## - NÚMERO INTERNACIONAL ESTÁNDAR DEL LIBRO | |
| Número Internacional Estándar del Libro | 9786077075882 |
| 040 ## - FUENTE DE LA CATALOGACIÓN | |
| Centro/agencia transcriptor | CHAP |
| 082 00 - NÚMERO DE LA CLASIFICACIÓN DECIMAL DEWEY | |
| Número de edición | 22 |
| Número de clasificación | 153.9 |
| Número de documento/Ítem | S66 2013 |
| 100 1# - ENTRADA PRINCIPAL--NOMBRE DE PERSONA | |
| 9 (RLIN) | 187784 |
| Nombre de persona | Sánchez González, Lizbeth |
| 245 #1 - MENCIÓN DE TÍTULO | |
| Título | Habilidades intelectuales: |
| Resto del título | una guía para su potenciación / |
| Mención de responsabilidad, etc. | por Lízbeth Sánchez González y Rafael Andrade Esparza |
| 250 ## - MENCIÓN DE EDICIÓN | |
| Mención de edición | Segunda edición |
| 264 ## - PRODUCCIÓN, PUBLICACIÓN, DISTRIBUCIÓN, FABRICACIÓN Y COPYRIGHT | |
| Producción, publicación, distribución, fabricación y copyright | México: |
| Nombre del de productor, editor, distribuidor, fabricante | Alfaomega, |
| Fecha de producción, publicación, distribución, fabricación o copyright | 2013. |
| 300 ## - DESCRIPCIÓN FÍSICA | |
| Extensión | 255 páginas: |
| Otras características físicas | Ilustraciones, cuadros, gráfica, tablas. |
| 490 1# - MENCIÓN DE SERIE | |
| Mención de serie | Educación. |
| 504 ## - NOTA DE BIBLIOGRAFÍA, ETC. | |
| Nota de bibliografía, etc. | Incluye índice y bibliografía |
| 650 #4 - PUNTO DE ACCESO ADICIONAL DE MATERIA--TÉRMINO DE MATERIA | |
| 9 (RLIN) | 6380 |
| Término de materia o nombre geográfico como elemento de entrada | Aptitudes |
| 650 #4 - PUNTO DE ACCESO ADICIONAL DE MATERIA--TÉRMINO DE MATERIA | |
| 9 (RLIN) | 136818 |
| Término de materia o nombre geográfico como elemento de entrada | Educación basada en la competencia |
| Subdivisión general | Metodología |
| 650 #4 - PUNTO DE ACCESO ADICIONAL DE MATERIA--TÉRMINO DE MATERIA | |
| 9 (RLIN) | 6371 |
| Término de materia o nombre geográfico como elemento de entrada | Aprendizaje |
| Subdivisión general | Evaluación |
| 700 1# - PUNTO DE ACCESO ADICIONAL--NOMBRE DE PERSONA | |
| 9 (RLIN) | 187785 |
| Nombre de persona | Andrade Esparza, Rafael |
| 830 ## - PUNTO DE ACCESO ADICIONAL DE SERIE-TÍTULO UNIFORME | |
| 9 (RLIN) | 187635 |
| Título uniforme | Educación. |
| Nombre de parte o sección de la obra | Pedagogía y didáctica. |
| 942 ## - ELEMENTOS DE PUNTO DE ACCESO ADICIONAL (KOHA) | |
| Tipo de ítem Koha | |
| Fuente del sistema de clasificación o colocación | Dewey Decimal Classification |
| Estado de retiro | Estado de pérdida | Fuente del sistema de clasificación o colocación | Estado dañado | Restricciones de uso | No para préstamo | Código de colección | Localización permanente | Ubicación/localización actual | Ubicación en estantería | Fecha de adquisición | Total de préstamos | Signatura topográfica completa | Código de barras | Fecha visto por última vez | Número de copia | Precio válido a partir de | Tipo de ítem Koha |
|---|---|---|---|---|---|---|---|---|---|---|---|---|---|---|---|---|---|
| Dewey Decimal Classification | Préstamo 15 días | General | Biblioteca Central | Biblioteca Central | Planta alta - Colección General | 28/08/2023 | 153.9 S66 | 33724002579975 | 28/08/2023 | c.2 | 28/08/2023 | Libro | |||||
| Dewey Decimal Classification | Préstamo 15 días | General | Biblioteca Central | Biblioteca Central | Planta alta - Colección General | 28/08/2023 | 153.9 S66 | 33724002579223 | 28/08/2023 | 28/08/2023 | Libro |
